[Event "CZE-ch Youth B16 2022"]
[Site "Luhacovice"]
[Date "2022.03.15"]
[Round "5.8"]
[White "Vilimek, Vit"]
[Black "Mametev, Artem"]
[Result "1-0"]
[WhiteElo "1794"]
[BlackElo "1848"]
[Annotator "NA"]
[PlyCount "87"]
[EventDate "2022.03.12"]
[EventType "swiss"]
[EventCountry "CZE"]
[SourceTitle "playchess.com"]
[Source "ChessBase"]
[SourceQuality "1"]
[TimeControl "40/5400+30:1800+30"]

1. e4 {[%emt 0:00:01]} c5 {[%emt 0:00:06]} 2. b3 {[%emt 0:00:06]} Nc6 {[%emt 0:02:33]} 3. Bb2 {[%emt 0:00:17]} d6 {[%emt 0:02:22]} 4. Bb5 {[%emt 0:01:29]} Bd7 {[%emt 0:02:57]} 5. Nc3 {[%emt 0:00:20]} Nd4 {[%emt 0:01:09]} 6. Bxd7+ {[%emt 0:00:09]} Qxd7 {[%emt 0:00:07]} 7. f4 {[%emt 0:01:09]} Nf6 {[%emt 0:11:35]} 8. Nf3 {[%emt 0:06:02]} e6 {[%emt 0:07:01]} 9. O-O {[%emt 0:02:55]} Nxf3+ {[%emt 0:03:50]} (9... Be7 $11) 10. Qxf3 {[%emt 0:00:32]} ({But not} 10. gxf3 d5 $11) 10... Be7 {[%emt 0:00:37]} (10... Qc6 $14 {feels stronger.}) 11. e5 {[%emt 0:11:33]} dxe5 {[%emt 0:00:14]} 12. fxe5 {[%emt 0:01:10]} Qd4+ {[%emt 0:00:41]} 13. Kh1 {[%emt 0:00:03]} Qxe5 {[%emt 0:00:16]} 14. Qxb7 {[%emt 0:01:25]} Rb8 {[%emt 0:21:15]} 15. Qc6+ {[%emt 0:01:02]} Kf8 {[%emt 0:00:10]} 16. Rae1 {[%emt 0:04:47]} Qd6 {[%emt 0:00:43]} 17. Qxd6 {[%emt 0:01:54]} Bxd6 {[%emt 0:00:11] [#]} 18. Ne4 $1 {[%emt 0:01:33]} Nxe4 {[%emt 0:02:16]} 19. Rxe4 {[%emt 0:00:02]} Re8 {[%emt 0:04:49]} 20. Ra4 {[%emt 0:07:03]} Re7 {[%emt 0:01:56]} 21. Ra6 {[%emt 0:01:43]} Rd7 {[%emt 0:06:48]} 22. Rc6 {[%emt 0:02:26]} Rd8 {[%emt 0:03:48]} 23. Bc3 {[%emt 0:03:11]} Be7 {[%emt 0:06:19]} 24. Rxe6 {[%emt 0:08:48]} f6 {[%emt 0:03:09]} 25. Rfe1 {[%emt 0:01:26]} Rd7 {[%emt 0:00:21]} 26. Rc6 {[%emt 0:05:50]} Kf7 {[%emt 0:01:29]} 27. d3 {[%emt 0:01:10]} Bd6 {[%emt 0:03:55]} 28. g3 {[%emt 0:07:03]} h5 {[%emt 0:01:17]} 29. Kg2 {[%emt 0:04:34]} h4 {[%emt 0:02:08]} 30. Ra6 {[%emt 0:03:50]} hxg3 {[%emt 0:02:47]} 31. hxg3 {[%emt 0:00:02]} Rh5 {[%emt 0:00:16]} 32. Bd2 {[%emt 0:02:05]} Be5 {[%emt 0:03:31]} 33. Be3 {[%emt 0:03:41]} (33. Bf4 $18) 33... Kg6 {[%emt 0:03:21]} 34. Rc6 {[%emt 0:04:51]} Bd4 {[%emt 0:01:58]} 35. Bxd4 {[%emt 0:01:43]} cxd4 {[%emt 0:00:01]} 36. Rc4 {[%emt 0:01:24]} Re5 {[%emt 0:00:46]} 37. Rxe5 {[%emt 0:02:05]} fxe5 {[%emt 0:00:01]} 38. Kf3 {[%emt 0:00:44]} Rd6 {[%emt 0:00:40]} 39. Ke4 {[%emt 0:00:23]} Kf6 {[%emt 0:00:06]} 40. Rc5 {[%emt 0:00:41]} Re6 {[%emt 0:01:06]} 41. a4 {[%emt 0:31:39]} g6 {[%emt 0:04:22]} 42. b4 {[%emt 0:00:00]} Re7 {[%emt 0:00:37]} 43. b5 {[%emt 0:00:00]} Re6 {[%emt 0:00:58]} 44. Rc6 $18 {[%emt 0:00:00]} 1-0

[Event "CZE-ch Youth B16 2022"]
[Site "Luhacovice"]
[Date "2022.03.15"]
[Round "5.9"]
[White "Vasinek, Martin"]
[Black "Kubiczek, Michal"]
[Result "1-0"]
[WhiteElo "1594"]
[BlackElo "1720"]
[Annotator "NA"]
[PlyCount "63"]
[EventDate "2022.03.12"]
[EventType "swiss"]
[EventCountry "CZE"]
[SourceTitle "playchess.com"]
[Source "ChessBase"]
[SourceQuality "1"]
[TimeControl "40/5400+30:1800+30"]

1. d4 d5 2. c4 e6 3. Nf3 Nf6 4. e3 Be7 5. Bd3 dxc4 6. Bxc4 c5 7. O-O cxd4 8. Nxd4 O-O 9. Nc3 Qc7 10. b3 a6 11. Bb2 b5 12. Bd3 Bb7 13. Rc1 Qb6 14. Qe2 Rd8 15. Rfd1 Nbd7 16. a3 Rac8 17. Bb1 h6 18. Kh1 Bd6 19. f3 Nf8 20. b4 Be5 21. Na2 Bd5 22. f4 Bb8 23. Nc3 Ba8 24. Na2 N8d7 25. Nf3 Be4 26. Rxc8 Rxc8 27. Bxe4 Nxe4 28. Rxd7 Bd6 29. Ne5 f6 30. Bd4 Qb8 31. Qh5 Rf8 32. Qg6 1-0

[Event "CZE-ch Youth B16 2022"]
[Site "Luhacovice"]
[Date "2022.03.15"]
[Round "5.10"]
[White "Simek, Viktor"]
[Black "Mrazek, Roman"]
[Result "1/2-1/2"]
[WhiteElo "1527"]
[BlackElo "1820"]
[Annotator "NA"]
[PlyCount "61"]
[EventDate "2022.03.12"]
[EventType "swiss"]
[EventCountry "CZE"]
[SourceTitle "playchess.com"]
[Source "ChessBase"]
[SourceQuality "1"]
[TimeControl "40/5400+30:1800+30"]

1. e4 {[%emt 0:00:03]} c5 {[%emt 0:00:05]} 2. Nf3 {[%emt 0:00:04]} d6 {[%emt 0:00:05]} 3. d4 {[%emt 0:00:03]} cxd4 {[%emt 0:00:02]} 4. Nxd4 {[%emt 0:00:05]} Nf6 {[%emt 0:00:10]} 5. Nc3 {[%emt 0:00:04]} g6 {[%emt 0:00:04]} 6. Be3 {[%emt 0:00:09]} Bg7 {[%emt 0:00:04]} 7. f3 {[%emt 0:00:04]} O-O {[%emt 0:00:07]} 8. Qd2 {[%emt 0:00:03]} Nc6 {[%emt 0:00:09]} 9. O-O-O {[%emt 0:00:06]} d5 {[%emt 0:00:08]} 10. exd5 {[%emt 0:00:45]} Nxd5 {[%emt 0:01:02]} 11. Nxc6 {[%emt 0:00:11]} bxc6 {[%emt 0:00:05]} 12. Nxd5 {[%emt 0:00:04]} cxd5 {[%emt 0:00:09]} 13. Qxd5 {[%emt 0:00:03]} Qc7 {[%emt 0:00:11]} 14. Qxa8 {[%emt 0:00:19]} Bf5 {[%emt 0:00:13]} 15. Qxf8+ {[%emt 0:00:05]} Kxf8 {[%emt 0:00:51]} 16. Rd2 {[%emt 0:00:35]} Qb8 {[%emt 0:07:52]} 17. b3 {[%emt 0:00:43]} Bc3 {[%emt 0:05:43]} (17... e6 $11 18. Bc4 Qe5) 18. Rd5 {[%emt 0:07:40]} e5 $2 {[%emt 0:12:28]} (18... Be6 $14 19. Bh6+ Bg7 20. Bxg7+ Kxg7) 19. Be2 $2 {[%emt 0:34:31]} (19. Bc4 $18) 19... Kg7 {[%emt 0:05:05]} 20. Rhd1 {[%emt 0:06:54]} Qb4 {[%emt 0:08:58]} 21. Bc5 {[%emt 0:07:39]} Qf4+ {[%emt 0:00:09]} 22. Kb1 {[%emt 0:00:41]} Qxh2 {[%emt 0:01:24]} 23. Bf1 $11 {[%emt 0:01:04]} ({Much weaker is} 23. Bxa7 Qxg2 24. Bd3 Be6 $17) 23... a5 {[%emt 0:02:38]} 24. Rd8 {[%emt 0:04:21]} a4 {[%emt 0:11:46]} 25. Bf8+ {[%emt 0:07:53]} Kf6 {[%emt 0:02:02]} 26. Re8 {[%emt 0:04:08]} axb3 27. Be7+ {[%emt 0:00:51]} Kg7 {[%emt 0:09:26]} 28. Bf8+ {[%emt 0:00:04]} Kf6 {[%emt 0:00:17]} 29. Be7+ {[%emt 0:00:03]} Kg7 {[%emt 0:00:03]} 30. Bf8+ {[%emt 0:00:05]} Kf6 {[%emt 0:00:05]} 31. Be7+ {[%emt 0:00:05]} 1/2-1/2

[Event "CZE-ch Youth B16 2022"]
[Site "Luhacovice"]
[Date "2022.03.15"]
[Round "5.11"]
[White "Oborny, Stanislav"]
[Black "Trojan, Matyas"]
[Result "0-1"]
[WhiteElo "1674"]
[BlackElo "1582"]
[Annotator "NA"]
[PlyCount "98"]
[EventDate "2022.03.12"]
[EventType "swiss"]
[EventCountry "CZE"]
[SourceTitle "playchess.com"]
[Source "ChessBase"]
[SourceQuality "1"]
[TimeControl "40/5400+30:1800+30"]

1. e4 {[%emt 0:00:05]} e5 {[%emt 0:00:06]} 2. Nf3 {[%emt 0:00:05]} Nc6 {[%emt 0:00:04]} 3. Bb5 {[%emt 0:00:07]} a6 {[%emt 0:00:06]} 4. Ba4 {[%emt 0:00:06]} Nf6 {[%emt 0:00:11]} 5. d3 {[%emt 0:01:42]} b5 {[%emt 0:05:38]} 6. Bb3 {[%emt 0:00:06]} Be7 {[%emt 0:03:37]} 7. O-O {[%emt 0:00:59]} d6 {[%emt 0:02:40]} 8. c3 {[%emt 0:02:58]} O-O {[%emt 0:00:39]} 9. h3 {[%emt 0:05:58]} Bb7 {[%emt 0:01:51]} 10. Re1 {[%emt 0:01:23]} Re8 {[%emt 0:03:18]} 11. Nbd2 {[%emt 0:02:56]} Bf8 {[%emt 0:03:12]} 12. Nf1 {[%emt 0:09:01]} g6 {[%emt 0:03:09]} 13. Bg5 {[%emt 0:06:27]} Bg7 {[%emt 0:03:21]} 14. Ne3 {[%emt 0:07:28]} Qd7 {[%emt 0:06:29]} 15. Qd2 {[%emt 0:07:24]} Na5 {[%emt 0:10:18]} 16. Bc2 {[%emt 0:01:54]} c5 {[%emt 0:13:31]} 17. Rad1 {[%emt 0:11:57]} d5 {[%emt 0:10:09]} 18. Bxf6 {[%emt 0:06:00]} Bxf6 {[%emt 0:00:21]} 19. exd5 {[%emt 0:00:43]} Bxd5 {[%emt 0:01:18]} 20. Ng4 {[%emt 0:05:34]} Qd6 {[%emt 0:08:19]} 21. Qe2 {[%emt 0:01:45]} Bxa2 {[%emt 0:03:45]} 22. Ra1 {[%emt 0:01:21]} e4 {[%emt 0:02:10]} 23. Rxa2 {[%emt 0:03:36]} exf3 {[%emt 0:00:20]} 24. Qxe8+ {[%emt 0:00:07]} Rxe8 {[%emt 0:00:05]} 25. Rxe8+ {[%emt 0:00:05]} Kg7 {[%emt 0:00:06]} 26. Rxa5 {[%emt 0:01:04]} Bd8 {[%emt 0:00:39]} 27. Ra1 {[%emt 0:01:05]} fxg2 {[%emt 0:00:21]} 28. Rae1 {[%emt 0:02:14]} Bh4 {[%emt 0:06:30]} 29. Ne5 {[%emt 0:13:21]} Qf6 {[%emt 0:03:44]} 30. Re2 {[%emt 0:00:31]} Qf5 {[%emt 0:01:30]} 31. Ng4 {[%emt 0:05:54]} h5 {[%emt 0:01:36]} 32. d4 {[%emt 0:01:07]} Qf4 {[%emt 0:00:26]} 33. Ne3 {[%emt 0:01:04]} cxd4 {[%emt 0:01:58]} 34. Nxg2 {[%emt 0:00:40]} Qc1+ {[%emt 0:00:12]} 35. Kh2 {[%emt 0:00:32]} Bg5 {[%emt 0:00:52]} 36. cxd4 {[%emt 0:00:33]} Qxb2 {[%emt 0:03:15]} 37. d5 {[%emt 0:00:30]} Qd4 {[%emt 0:00:24]} 38. R8e5 {[%emt 0:00:32]} Bf6 {[%emt 0:00:44]} 39. R2e4 {[%emt 0:00:32]} Bxe5+ {[%emt 0:00:57]} 40. f4 {[%emt 0:00:21]} Qc3 {[%emt 0:01:29]} 41. fxe5 {[%emt 0:00:37]} Qxc2 {[%emt 0:00:08]} 42. Re3 {[%emt 0:03:01]} Qd2 {[%emt 0:01:44]} 43. d6 {[%emt 0:00:12]} b4 {[%emt 0:01:45]} 44. Kg3 {[%emt 0:01:41]} a5 {[%emt 0:00:56]} 45. Kf3 {[%emt 0:00:38]} b3 {[%emt 0:01:59]} 46. e6 {[%emt 0:03:05]} fxe6 {[%emt 0:01:24]} 47. Nf4 {[%emt 0:00:15]} Qxd6 {[%emt 0:02:38]} 48. Rxe6 {[%emt 0:00:07]} Qxe6 {[%emt 0:03:40]} 49. Nxe6+ {[%emt 0:00:13]} Kh8 {[%emt 0:00:08]} 0-1

[Event "CZE-ch Youth B16 2022"]
[Site "Luhacovice"]
[Date "2022.03.15"]
[Round "5.12"]
[White "Zrubek, Adam"]
[Black "Zezula, Jakub"]
[Result "1/2-1/2"]
[WhiteElo "1661"]
[BlackElo "1891"]
[Annotator "NA"]
[PlyCount "106"]
[EventDate "2022.03.12"]
[EventType "swiss"]
[EventCountry "CZE"]
[SourceTitle "playchess.com"]
[Source "ChessBase"]
[SourceQuality "1"]
[TimeControl "40/5400+30:1800+30"]

1. e4 e5 2. Nf3 Nc6 3. Bb5 a6 4. Ba4 Nf6 5. O-O Be7 6. Re1 b5 7. Bb3 d6 8. h3 Na5 9. c3 Nxb3 10. Qxb3 Be6 11. Qd1 c5 12. d4 cxd4 13. cxd4 Qc7 14. b3 O-O 15. Bb2 exd4 16. Nxd4 Bd7 17. Nd2 Rfe8 18. Qf3 Rac8 19. Nf1 h6 20. Ng3 Nh7 21. Ndf5 Ng5 22. Qe3 Bxf5 23. Nxf5 Bf8 24. Qg3 Qc2 25. Bxg7 Bxg7 26. Nxg7 Kxg7 27. h4 Rc5 28. f4 {[#]} Rxe4 $1 29. fxg5 hxg5 30. hxg5 Rce5 31. Rxe4 Qxe4 32. Rf1 d5 33. Qf2 Qe3 34. Qxe3 Rxe3 35. Rd1 Re2 36. Rxd5 Rxa2 37. Rd6 Ra3 38. Kh2 b4 39. Rb6 a5 40. Rb5 Kg6 41. Rc5 Kh5 42. Rd5 $17 (42. Kg1 $15 {is superior.}) 42... Kg4 43. Rb5 Kf4 44. Rc5 Ke4 45. Rb5 Rxb3 46. Rxa5 Ra3 47. Rb5 b3 48. Rb7 Kd4 49. Rxf7 Ra5 50. g6 Rg5 51. Rf3 Kc4 52. Rg3 Rh5+ 53. Rh3 Rg5 1/2-1/2

[Event "CZE-ch Youth B16 2022"]
[Site "Luhacovice"]
[Date "2022.03.16"]
[Round "6.1"]
[White "Soucek, Petr"]
[Black "Dolensky, Filip"]
[Result "1/2-1/2"]
[WhiteElo "2194"]
[BlackElo "2021"]
[Annotator "ChessBase"]
[PlyCount "84"]
[EventDate "2022.03.12"]
[EventType "swiss"]
[EventCountry "CZE"]
[SourceTitle "playchess.com"]
[Source "ChessBase"]
[SourceQuality "1"]
[TimeControl "40/5400+30:1800+30"]

1. d4 c5 2. d5 e5 3. e4 d6 4. Nc3 a6 5. a4 Be7 6. b3 Nf6 7. Nf3 Nbd7 8. Be2 O-O 9. O-O Ne8 10. Nd2 g6 11. Nc4 Ng7 12. a5 f5 13. exf5 Nxf5 14. Na4 Rb8 15. Nab6 Nxb6 16. Nxb6 Bd7 17. Re1 Bf6 18. Bb2 Be8 19. Bd3 Nd4 20. Bxd4 cxd4 21. Qg4 Rf7 22. Bf5 Kg7 23. Be6 Re7 24. g3 Qc7 25. Qe4 Bb5 26. Ra2 Rbe8 27. Bh3 Qc3 28. Bf1 Bd7 29. Nxd7 Rxd7 30. Rd1 Qc5 31. Bc4 Rf8 32. Rd3 Rdf7 33. Rf3 Bd8 34. Rxf7+ Rxf7 35. h4 Bxa5 36. h5 d3 37. cxd3 Bb6 38. d4 Qxd4 39. Qxd4 Bxd4 40. hxg6 hxg6 41. Kg2 Rc7 42. Rc2 Rc5 1/2-1/2

[Event "CZE-ch Youth B16 2022"]
[Site "Luhacovice"]
[Date "2022.03.16"]
[Round "6.2"]
[White "Stejskal, Michal"]
[Black "Smolik, Jachym"]
[Result "0-1"]
[WhiteElo "1857"]
[BlackElo "2277"]
[Annotator "RC"]
[PlyCount "96"]
[EventDate "2022.03.12"]
[EventType "swiss"]
[EventCountry "CZE"]
[SourceTitle "playchess.com"]
[Source "ChessBase"]
[SourceQuality "1"]
[TimeControl "40/5400+30:1800+30"]

1. e4 {[%emt 0:00:04]} c6 {[%emt 0:00:07]} 2. Nc3 {[%emt 0:00:11]} d5 {[%emt 0:00:07]} 3. Nf3 {[%emt 0:00:06]} Bg4 {[%emt 0:00:52]} 4. h3 {[%emt 0:00:59]} Bxf3 {[%emt 0:00:24]} 5. Qxf3 {[%emt 0:00:10]} e6 {[%emt 0:00:03]} 6. exd5 {[%emt 0:01:23]} cxd5 {[%emt 0:01:15]} 7. d4 {[%emt 0:00:59]} Nc6 {[%emt 0:02:42]} 8. Bb5 {[%emt 0:08:08]} Rc8 {[%emt 0:02:56]} 9. O-O {[%emt 0:04:25]} Nf6 {[%emt 0:04:38]} 10. Re1 {[%emt 0:04:01]} Be7 {[%emt 0:02:13]} 11. Ne2 {[%emt 0:10:01]} a6 {[%emt 0:12:49]} 12. Bxc6+ {[%emt 0:01:38]} Rxc6 {[%emt 0:00:05]} 13. c3 {[%emt 0:00:21]} Ne4 {[%emt 0:06:57]} 14. Ng3 {[%emt 0:02:31]} Nxg3 {[%emt 0:00:07]} 15. Qxg3 {[%emt 0:00:10]} Bf6 {[%emt 0:00:20]} 16. Bf4 {[%emt 0:06:49]} O-O {[%emt 0:02:40]} 17. Re2 {[%emt 0:04:41]} b5 {[%emt 0:02:31]} 18. a3 {[%emt 0:07:57]} Qe7 {[%emt 0:03:01]} 19. Rae1 {[%emt 0:02:17]} Rfc8 {[%emt 0:02:06]} 20. Be5 {[%emt 0:04:36]} a5 {[%emt 0:08:45]} 21. Qf3 {[%emt 0:05:32]} Bxe5 {[%emt 0:04:10]} 22. Rxe5 {[%emt 0:01:01]} Qf8 {[%emt 0:00:10]} 23. R5e3 {[%emt 0:08:29]} h6 {[%emt 0:05:40]} 24. Qg3 {[%emt 0:02:39]} Qd8 {[%emt 0:01:04]} 25. f4 {[%emt 0:02:22]} Qf6 {[%emt 0:01:26]} 26. Re5 {[%emt 0:00:54]} b4 {[%emt 0:02:19]} 27. axb4 {[%emt 0:00:22]} axb4 {[%emt 0:00:06]} 28. R1e3 {[%emt 0:00:51]} Kh7 {[%emt 0:03:31]} 29. Qf3 {[%emt 0:01:44]} bxc3 {[%emt 0:02:15]} 30. bxc3 {[%emt 0:00:07]} g6 {[%emt 0:00:42]} 31. Kh2 {[%emt 0:01:13]} Ra6 {[%emt 0:02:23]} 32. g4 {[%emt 0:01:41]} Ra2+ {[%emt 0:01:07]} 33. Re2 {[%emt 0:00:24]} Ra3 {[%emt 0:03:23]} 34. R2e3 {[%emt 0:01:19]} Rb8 {[%emt 0:01:39]} 35. f5 {[%emt 0:02:56]} gxf5 {[%emt 0:07:08]} 36. gxf5 {[%emt 0:01:37]} Ra2+ {[%emt 0:00:22]} 37. Re2 {[%emt 0:02:32]} Rbb2 {[%emt 0:00:21]} 38. Rxb2 {[%emt 0:01:18]} Rxb2+ {[%emt 0:00:04]} 39. Kh1 {[%emt 0:00:11]} Qg5 {[%emt 0:01:30]} 40. Qg4 {[%emt 0:09:11]} Qc1+ {[%emt 0:00:51]} 41. Qg1 {[%emt 0:30:14]} Qf4 {[%emt 0:30:15]} 42. Re3 {[%emt 0:01:18]} Qxf5 {[%emt 0:03:24]} 43. Qg4 {[%emt 0:00:00]} Rb1+ {[%emt 0:00:00]} 44. Kg2 {[%emt 0:00:00]} Qf1+ {[%emt 0:00:00]} 45. Kg3 {[%emt 0:00:00]} Rb2 {[%emt 0:00:00]} 46. Kh4 {[%emt 0:00:00]} Qf6+ {[%emt 0:00:00]} 47. Kh5 {[%emt 0:00:00]} Rf2 {[%emt 0:00:00]} 48. Re5 {[%emt 0:00:00]} Rf4 {[%emt 0:00:00]} 0-1

[Event "CZE-ch Youth B16 2022"]
[Site "Luhacovice"]
[Date "2022.03.16"]
[Round "6.3"]
[White "Hak, David"]
[Black "Jirasko, Miroslav"]
[Result "1-0"]
[WhiteElo "2132"]
[BlackElo "1933"]
[Annotator "ChessBase"]
[PlyCount "91"]
[EventDate "2022.03.12"]
[EventType "swiss"]
[EventCountry "CZE"]
[SourceTitle "playchess.com"]
[Source "ChessBase"]
[SourceQuality "1"]
[TimeControl "40/5400+30:1800+30"]

1. e4 {[%emt 0:00:16]} c6 {[%emt 0:00:09]} 2. d4 {[%emt 0:00:51]} d5 {[%emt 0:00:06]} 3. Nc3 {[%emt 0:00:19]} dxe4 {[%emt 0:00:06]} 4. Nxe4 {[%emt 0:00:03]} Nf6 {[%emt 0:00:06]} 5. Nxf6+ {[%emt 0:00:03]} exf6 {[%emt 0:00:06]} 6. Nf3 {[%emt 0:00:21]} Bd6 {[%emt 0:03:43]} 7. Bd3 {[%emt 0:00:24]} O-O {[%emt 0:03:31]} 8. O-O {[%emt 0:00:04]} Re8 {[%emt 0:02:02]} 9. c3 {[%emt 0:03:05]} Nd7 {[%emt 0:00:42]} 10. Qc2 {[%emt 0:00:33]} Nf8 {[%emt 0:00:06]} 11. Be3 {[%emt 0:03:06]} Bg4 {[%emt 0:03:00]} 12. Nd2 {[%emt 0:00:47]} Bc7 {[%emt 0:17:08]} 13. Rfe1 {[%emt 0:08:50]} Qd6 {[%emt 0:01:24]} 14. Nf1 {[%emt 0:00:26]} Rad8 {[%emt 0:02:57]} 15. f3 {[%emt 0:03:07]} Bc8 {[%emt 0:04:51]} 16. Bf2 {[%emt 0:00:30]} Rxe1 {[%emt 0:03:19]} 17. Rxe1 {[%emt 0:00:24]} Be6 {[%emt 0:05:33]} 18. Bg3 {[%emt 0:04:44]} Qd7 {[%emt 0:00:08]} 19. Bxc7 {[%emt 0:00:34]} Qxc7 {[%emt 0:00:09]} 20. Ne3 {[%emt 0:07:02]} g6 {[%emt 0:03:49]} 21. b4 {[%emt 0:12:57]} b6 {[%emt 0:05:13]} 22. Qe2 {[%emt 0:05:26]} a5 {[%emt 0:04:04]} 23. bxa5 {[%emt 0:04:53]} bxa5 {[%emt 0:00:10]} 24. Bc4 {[%emt 0:01:38]} Rb8 {[%emt 0:06:00]} 25. Ng4 {[%emt 0:06:00]} Bxc4 {[%emt 0:11:42]} 26. Qxc4 {[%emt 0:00:25]} Kg7 {[%emt 0:00:58]} 27. Qd3 {[%emt 0:13:47]} h5 {[%emt 0:00:24]} 28. Ne3 {[%emt 0:00:44]} Rb2 {[%emt 0:00:21]} 29. Re2 {[%emt 0:01:14]} Qb8 {[%emt 0:00:13]} 30. Rxb2 {[%emt 0:00:54]} Qxb2 {[%emt 0:00:06]} 31. Qc2 {[%emt 0:00:17]} Qa1+ {[%emt 0:00:26]} 32. Nd1 {[%emt 0:00:27]} Nd7 {[%emt 0:02:54]} 33. Kf2 {[%emt 0:00:38]} Nb6 {[%emt 0:00:51]} 34. Ke2 {[%emt 0:01:45]} Nd5 {[%emt 0:08:55]} 35. g3 {[%emt 0:02:29]} a4 {[%emt 0:00:37]} 36. Kd2 {[%emt 0:03:41]} a3 {[%emt 0:01:23]} 37. Qb3 {[%emt 0:00:47]} g5 {[%emt 0:03:47]} 38. Kc2 {[%emt 0:00:36]} Nb6 {[%emt 0:01:08]} 39. Qxa3 {[%emt 0:01:02]} f5 {[%emt 0:00:16]} 40. Qb2 {[%emt 0:00:24]} Qxb2+ {[%emt 0:00:16]} 41. Nxb2 {[%emt 0:30:01]} Nd5 {[%emt 0:30:18]} 42. a4 {[%emt 0:01:58]} g4 {[%emt 0:00:05]} 43. f4 {[%emt 0:04:19]} Nxf4 {[%emt 0:00:05]} 44. gxf4 {[%emt 0:01:10]} h4 {[%emt 0:00:07]} 45. Nd3 {[%emt 0:00:26]} h3 {[%emt 0:02:34]} 46. a5 {[%emt 0:00:26]} 1-0

[Event "CZE-ch Youth B16 2022"]
[Site "Luhacovice"]
[Date "2022.03.16"]
[Round "6.4"]
[White "Bezdek, Tomas"]
[Black "Winter, Ondrej"]
[Result "0-1"]
[WhiteElo "1855"]
[BlackElo "2147"]
[Annotator "ChessBase"]
[PlyCount "140"]
[EventDate "2022.03.12"]
[EventType "swiss"]
[EventCountry "CZE"]
[SourceTitle "playchess.com"]
[Source "ChessBase"]
[SourceQuality "1"]
[TimeControl "40/5400+30:1800+30"]

1. e4 {[%emt 0:00:04]} c5 {[%emt 0:00:09]} 2. Nf3 {[%emt 0:00:18]} Nc6 {[%emt 0:00:17]} 3. d4 {[%emt 0:00:32]} cxd4 {[%emt 0:00:07]} 4. Nxd4 {[%emt 0:00:06]} g6 {[%emt 0:00:02]} 5. c4 {[%emt 0:00:24]} Bg7 {[%emt 0:00:06]} 6. Be3 {[%emt 0:00:07]} Nf6 {[%emt 0:00:05]} 7. Nc3 {[%emt 0:00:15]} d6 {[%emt 0:00:03]} 8. Be2 {[%emt 0:00:21]} O-O {[%emt 0:00:08]} 9. O-O {[%emt 0:01:52]} Bd7 {[%emt 0:00:04]} 10. Nc2 {[%emt 0:00:22]} Rc8 {[%emt 0:01:01]} 11. Qd2 {[%emt 0:03:40]} Be6 {[%emt 0:02:48]} 12. f4 {[%emt 0:00:59]} a6 {[%emt 0:03:18]} 13. Rac1 {[%emt 0:04:48]} Na5 {[%emt 0:30:09]} 14. b3 {[%emt 0:04:31]} Qc7 {[%emt 0:01:51]} 15. Nb4 {[%emt 0:07:56]} Qb8 {[%emt 0:17:16]} 16. f5 {[%emt 0:17:23]} Bd7 {[%emt 0:15:28]} 17. Nbd5 {[%emt 0:06:08]} Nc6 {[%emt 0:02:02]} 18. Nxf6+ {[%emt 0:11:50]} Bxf6 {[%emt 0:00:29]} 19. Nd5 {[%emt 0:00:52]} Bh8 {[%emt 0:00:42]} 20. f6 {[%emt 0:06:04]} e6 {[%emt 0:00:57]} 21. Ne7+ {[%emt 0:01:47]} Nxe7 {[%emt 0:00:46]} 22. fxe7 {[%emt 0:00:01]} Rfe8 {[%emt 0:00:01]} 23. Bf4 {[%emt 0:02:09]} e5 {[%emt 0:00:58]} 24. Bg5 {[%emt 0:00:09]} Be6 {[%emt 0:04:35]} 25. c5 {[%emt 0:08:12]} Rc6 {[%emt 0:04:10]} 26. Bc4 {[%emt 0:01:57]} dxc5 27. Bxe6 {[%emt 0:01:24]} Rxe6 {[%emt 0:00:52]} 28. Qd5 {[%emt 0:17:47]} Qd6 {[%emt 0:03:36]} 29. Rfd1 {[%emt 0:00:27]} Qxd5 {[%emt 0:00:32]} 30. exd5 {[%emt 0:00:07]} Rd6 {[%emt 0:00:11]} 31. Rxc5 {[%emt 0:00:13]} f6 {[%emt 0:02:13]} 32. Bc1 {[%emt 0:01:39]} Kf7 {[%emt 0:04:48]} 33. Rc7 {[%emt 0:00:08]} Rxe7 {[%emt 0:00:09]} 34. Rxe7+ {[%emt 0:00:09]} Kxe7 {[%emt 0:00:03]} 35. Ba3 {[%emt 0:00:00]} Kd7 {[%emt 0:03:23]} 36. Bxd6 {[%emt 0:00:07]} Kxd6 {[%emt 0:00:02]} 37. Rc1 {[%emt 0:00:41]} f5 {[%emt 0:01:08]} 38. Rc8 {[%emt 0:00:49]} Bg7 {[%emt 0:01:48]} 39. Rb8 {[%emt 0:00:42]} b5 {[%emt 0:00:16]} 40. Rb6+ {[%emt 0:00:36]} Kxd5 {[%emt 0:00:05]} 41. Rxa6 {[%emt 0:30:12]} Bf8 {[%emt 0:31:52]} 42. Kf1 {[%emt 0:01:06]} Bc5 {[%emt 0:00:00]} 43. Ke2 {[%emt 0:00:00]} b4 {[%emt 0:00:00]} 44. Ra8 {[%emt 0:00:00]} Kd4 {[%emt 0:00:00]} 45. h3 {[%emt 0:00:00]} e4 {[%emt 0:00:00]} 46. Rh8 {[%emt 0:00:00]} Kc3 {[%emt 0:00:00]} 47. Rxh7 {[%emt 0:00:00]} Kb2 {[%emt 0:00:00]} 48. Rc7 {[%emt 0:00:00]} Bd4 {[%emt 0:00:00]} 49. Rb7 {[%emt 0:00:00]} Bc3 {[%emt 0:00:00]} 50. Ra7 {[%emt 0:00:00]} f4 {[%emt 0:00:00]} 51. Ra8 {[%emt 0:00:00]} g5 {[%emt 0:00:00]} 52. Ra6 {[%emt 0:00:00]} Bd4 {[%emt 0:00:00]} 53. Ra5 {[%emt 0:00:00]} Bf6 {[%emt 0:00:00]} 54. Kd1 {[%emt 0:00:00]} Bd8 {[%emt 0:03:41]} 55. Rb5 {[%emt 0:00:00]} Kc3 {[%emt 0:02:45]} 56. Rc5+ {[%emt 0:00:11]} Kd4 {[%emt 0:00:11]} 57. Rc8 {[%emt 0:05:47]} Be7 {[%emt 0:00:06]} 58. Ke2 {[%emt 0:00:14]} Kd5 {[%emt 0:00:44]} 59. Re8 {[%emt 0:01:22]} Bd6 {[%emt 0:00:32]} 60. Rg8 {[%emt 0:00:30]} Be7 {[%emt 0:00:06]} 61. Rg7 {[%emt 0:00:36]} Bf6 {[%emt 0:00:17]} 62. Rb7 {[%emt 0:00:26]} Kc5 {[%emt 0:00:03]} 63. Rf7 {[%emt 0:00:07]} Bd8 {[%emt 0:00:16]} 64. h4 {[%emt 0:00:37]} gxh4 {[%emt 0:03:40]} 65. Rxf4 {[%emt 0:00:15]} Kd4 {[%emt 0:00:03]} 66. Rf7 {[%emt 0:00:27]} Bg5 {[%emt 0:01:39]} 67. Rc7 {[%emt 0:00:19]} Kd5 {[%emt 0:00:08]} 68. Rg7 {[%emt 0:01:21]} Bf6 {[%emt 0:00:28]} 69. Rg8 {[%emt 0:01:05]} Kd4 {[%emt 0:01:06]} 70. Rd8+ {[%emt 0:00:58]} Bxd8 {[%emt 0:00:13]} 0-1